Rukoväť manipulácie s materiálom

Gespeichert in:
Bibliographische Detailangaben
1. Verfasser: Toran, Henrich
Weitere Verfasser: Vyhnal, Rudolf
Format: Buch
Sprache:Slowakisch
Veröffentlicht: Bratislava Alfa 1969
Schriftenreihe:Edícia strojárskej literatúry
Tags: Tag hinzufügen
Keine Tags, Fügen Sie das erste Tag hinzu!

MARC

LEADER 00000nam a2200000 4500
001 c122438
005 20221128072310.6
041 0 |a slo 
044 |a SK 
245 1 0 |a Rukoväť manipulácie s materiálom  |c Henrich Toran, Rudolf Vyhnal 
264 1 |a Bratislava  |b Alfa  |c 1969 
300 |a 655 s. 
490 1 |a Edícia strojárskej literatúry 
830 0 |a Edícia strojárskej literatúry 
100 1 |a Toran, Henrich 
700 1 |a Vyhnal, Rudolf